00644 2200193 4500001002100000005001700021008004100038035002400079040001200103090002100115100001600136245011900152260002800271300002300299500007800322650002300400850001200423990001500435YOGYA-0209000007162620090227093549.0 ind  0010-020900000071626 aYOPDYOG aSK 331.21bKri S aKRISDANARTI aSistem dan prosedur permintaan pembayaran jaminan hari tua PT Astek(persero) kantor Cabang YogyakartacKrisdanarti aYogyakartab[s.n]c1974 axi,34 lembarc30cm alaporan kerja praktek fakultas ekonomi universitas Gadjah Mada Yogyakarta aTunjangan hari tua aYOPDYOG a08A0035569